|
|
|
|
| LEADER |
00000 a2200000 04500 |
| 001 |
14951 |
| 003 |
cru CIDCACS/IIS |
| 005 |
20230508194454.0 |
| 008 |
991231s1984 ge d |
| 040 |
|
|
|c cru CIDCACS/IIS
|
| 090 |
|
|
|a 05.03.04 F293n
|
| 100 |
1 |
|
|9 10894
|a Brὔckner, Joachin
|
| 110 |
|
|
|a Federación Mundial de la Juventud Democrática
|
| 245 |
|
|
|a ...Porque la sangre de los caídos no es agua, es la sangre de nuestros camaradas...
|c Joachin Brὔckner
|
| 260 |
|
|
|a Berlín:
|b FMJD
|c 1984
|
| 300 |
|
|
|a 11-18 páginas
|
| 518 |
|
|
|a Se relata como jóvenes periodistas de la Federación Mundial de la Juventud Democrática entrevistan a varias personas en la parte antigua de de Managua y también a la parte nueva, construida por el Gobierno Sandinista, al Complejo Agrícola e Industrial en Tipitapa-Malacataya situado al este de la capital, siguiendo hasta Santo Tomas del Norte , Puerto de Corinto y dos centros de desarrollo agrícolas, a Waslala y el Valle de Pantasma, durante dos semanas se recogieron impresiones sobre la construcción y la defensa de la nueva nicaragua, sobre las crueldades de los contrarrevolucionarios y sobre lo que en grandes letras está escrito en rnuchas tapias y paredes, palabras con las cuales termina casi cada reunión pública -. Patria Libre o Morir.
|
| 650 |
|
0 |
|9 5164
|a REVOLUCION SANDINISTA
|
| 650 |
|
4 |
|9 1923
|a GUERRILLEROS
|
| 650 |
|
0 |
|9 3696
|a EDUCACION POLITICA
|
| 773 |
0 |
|
|0 3391
|9 8139
|a Federación Mundial de la Juventud Democrática
|d Berlín FMJD 1984
|o 09430
|t Nicaragua: una juventud, un pueblo, una revolución
|w (cru CIDCACS/IIS)14950
|
| 942 |
|
|
|2 ddc
|c LI
|
| 999 |
|
|
|c 7888
|d 7888
|